<?xml version="1.0" encoding="UTF-8"?>
<record
    xmlns:xsi="http://www.w3.org/2001/XMLSchema-instance"
    xsi:schemaLocation="http://www.loc.gov/MARC21/slim http://www.loc.gov/standards/marcxml/schema/MARC21slim.xsd"
    xmlns="http://www.loc.gov/MARC21/slim">

  <leader>01220nam0a2200313   4500</leader>
  <controlfield tag="001">RU\NLR\bibl\816408</controlfield>
  <controlfield tag="005">20260405123341.0</controlfield>
  <datafield tag="010" ind1=" " ind2=" ">
    <subfield code="a">5-98692-005-8</subfield>
    <subfield code="9">100</subfield>
  </datafield>
  <datafield tag="021" ind1=" " ind2=" ">
    <subfield code="a">RU</subfield>
    <subfield code="b">2005-12010</subfield>
    <subfield code="9">616</subfield>
  </datafield>
  <datafield tag="035" ind1=" " ind2=" ">
    <subfield code="a">(NLR Aleph) 000805431</subfield>
  </datafield>
  <datafield tag="090" ind1=" " ind2=" ">
    <subfield code="a">1207705</subfield>
    <subfield code="c">1207705</subfield>
  </datafield>
  <datafield tag="100" ind1=" " ind2=" ">
    <subfield code="a">20050707d2005    |||y0rusy50      ca</subfield>
  </datafield>
  <datafield tag="101" ind1="0" ind2=" ">
    <subfield code="a">rus</subfield>
  </datafield>
  <datafield tag="102" ind1=" " ind2=" ">
    <subfield code="a">RU</subfield>
  </datafield>
  <datafield tag="105" ind1=" " ind2=" ">
    <subfield code="a">y   |||||||||</subfield>
  </datafield>
  <datafield tag="200" ind1="1" ind2=" ">
    <subfield code="a">&#x423;&#x444;&#x438;&#x43C;&#x441;&#x43A;&#x438;&#x439; &#x43A;&#x440;&#x430;&#x439; - &#x411;&#x445;&#x430;&#x440;&#x430;&#x442;&#x430; - &#x410;&#x440;&#x44C;&#x44F;&#x43D;&#x430; &#x412;&#x430;&#x44D;&#x434;&#x436;&#x430; - &#x43C;&#x435;&#x441;&#x442;&#x43E; &#x44F;&#x432;&#x43B;&#x435;&#x43D;&#x438;&#x44F; &#x441;&#x43F;&#x430;&#x441;&#x438;&#x442;&#x435;&#x43B;&#x44F; &#x421;&#x430;&#x43E;&#x448;&#x438;&#x430;&#x43D;&#x442;&#x430; &#x417;&#x43E;&#x440;&#x43E;&#x430;&#x441;&#x442;&#x440;&#x430;</subfield>
    <subfield code="f">&#x412;&#x430;&#x43B;&#x438;&#x442;&#x43E;&#x432; &#x41D;&#x430;&#x438;&#x43B;</subfield>
  </datafield>
  <datafield tag="210" ind1=" " ind2=" ">
    <subfield code="a">&#x423;&#x444;&#x430;</subfield>
    <subfield code="c">[&#x431;.&#x438;.]</subfield>
    <subfield code="d">2005</subfield>
  </datafield>
  <datafield tag="215" ind1=" " ind2=" ">
    <subfield code="a">28,[3] &#x441;.</subfield>
    <subfield code="d">21</subfield>
  </datafield>
  <datafield tag="300" ind1=" " ind2=" ">
    <subfield code="a">&#x412; &#x43A;&#x43E;&#x43D;&#x446;&#x435; &#x43A;&#x43D;. &#x430;&#x432;&#x442;.: &#x412;&#x430;&#x43B;&#x438;&#x442;&#x43E;&#x432; &#x41D;.&#x424;. - &#x43F;&#x43E;&#x434;&#x43F;&#x43E;&#x43B;&#x43A;.</subfield>
  </datafield>
  <datafield tag="320" ind1=" " ind2=" ">
    <subfield code="a">&#x411;&#x438;&#x431;&#x43B;&#x438;&#x43E;&#x433;&#x440;. &#x432; &#x43A;&#x43E;&#x43D;&#x446;&#x435; &#x43A;&#x43D;.</subfield>
  </datafield>
  <datafield tag="607" ind1=" " ind2=" ">
    <subfield code="a">&#x423;&#x444;&#x430;, &#x433;&#x43E;&#x440;&#x43E;&#x434; (&#x411;&#x430;&#x448;&#x43A;&#x438;&#x440;&#x438;&#x44F;)</subfield>
    <subfield code="x">&#x418;&#x441;&#x442;&#x43E;&#x440;&#x438;&#x44F;</subfield>
    <subfield code="x">&#x41E;&#x440;&#x438;&#x433;&#x438;&#x43D;&#x430;&#x43B;&#x44C;&#x43D;&#x44B;&#x435; &#x442;&#x435;&#x43E;&#x440;&#x438;&#x438;</subfield>
    <subfield code="9">2337934</subfield>
    <subfield code="3">RU\NLR\auth\661397666</subfield>
  </datafield>
  <datafield tag="686" ind1=" " ind2=" ">
    <subfield code="a">&#x422;3(2&#x420;-6&#x411;-2&#x423;)</subfield>
  </datafield>
  <datafield tag="700" ind1=" " ind2="1">
    <subfield code="4">070</subfield>
    <subfield code="8">rus</subfield>
    <subfield code="7">ca</subfield>
    <subfield code="a">&#x412;&#x430;&#x43B;&#x438;&#x442;&#x43E;&#x432;</subfield>
    <subfield code="b">&#x41D;. &#x424;.</subfield>
    <subfield code="f">1953-</subfield>
    <subfield code="g">&#x41D;&#x430;&#x438;&#x43B; &#x424;&#x430;&#x441;&#x445;&#x443;&#x442;&#x434;&#x438;&#x43D;&#x43E;&#x432;&#x438;&#x447;</subfield>
    <subfield code="3">RU\NLR\auth\7749039</subfield>
    <subfield code="9">31974</subfield>
  </datafield>
  <datafield tag="801" ind1=" " ind2="0">
    <subfield code="a">RU</subfield>
    <subfield code="b">NLR</subfield>
    <subfield code="c">20050707</subfield>
    <subfield code="g">rcr</subfield>
  </datafield>
  <datafield tag="801" ind1=" " ind2="1">
    <subfield code="a">RU</subfield>
    <subfield code="b">NLR</subfield>
    <subfield code="c">20050707</subfield>
  </datafield>
  <datafield tag="942" ind1=" " ind2=" ">
    <subfield code="c">BOOK</subfield>
  </datafield>
  <datafield tag="980" ind1=" " ind2=" ">
    <subfield code="a">NB</subfield>
  </datafield>
  <datafield tag="980" ind1=" " ind2=" ">
    <subfield code="a">NBR</subfield>
  </datafield>
  <datafield tag="995" ind1=" " ind2=" ">
    <subfield code="5">2005-07-07</subfield>
    <subfield code="a">ad</subfield>
    <subfield code="b">NLR01</subfield>
    <subfield code="c">NLR01</subfield>
    <subfield code="e">RF3</subfield>
    <subfield code="f">951452</subfield>
    <subfield code="k">2005-4/25067</subfield>
    <subfield code="o">0</subfield>
    <subfield code="r">BOOK</subfield>
    <subfield code="s">2005425067_</subfield>
  </datafield>
  <datafield tag="995" ind1=" " ind2=" ">
    <subfield code="5">2005-07-07</subfield>
    <subfield code="a">ad</subfield>
    <subfield code="b">NLR01</subfield>
    <subfield code="c">NLR01</subfield>
    <subfield code="e">RF3</subfield>
    <subfield code="f">951455</subfield>
    <subfield code="k">2005-4/25067</subfield>
    <subfield code="o">0</subfield>
    <subfield code="r">BOOK</subfield>
    <subfield code="s">2005425067_</subfield>
  </datafield>
</record>
